[Event "Russian Championship B11 1st league 2016"]
[Site "Loo"]
[Date "2016.04.24"]
[Round "5.12"]
[White "Fridman, Roman A"]
[Black "Sepiashvili, Ivan"]
[Result "1/2-1/2"]
[WhiteElo "1591"]
[BlackElo "1377"]
[PlyCount "111"]
[EventDate "2016.04.20"]

1. e4 e5 2. Nf3 Nc6 3. Bb5 a6 4. Ba4 Nf6 5. O-O b5 6. Bb3 Be7 7. d3 d6 8. a4 b4
9. Nbd2 Na5 10. Ba2 O-O 11. Nc4 Nxc4 12. Bxc4 c5 13. Bg5 Be6 14. Bxf6 Bxf6 15.
Qe2 Bxc4 16. dxc4 a5 17. Rad1 Qd7 18. Rd5 Rae8 19. b3 Qe6 20. Rfd1 Be7 21. Nd2
Rd8 22. Nf1 Bg5 23. f3 Rd7 24. Ne3 Bxe3+ 25. Qxe3 f6 26. Qd3 Rfd8 27. Kf1 Kf8
28. Qe3 g5 29. Ke2 Ke7 30. Kd2 Rc7 31. Kc1 Rc6 32. Kb2 Rd7 33. g4 Kd8 34. h4 h6
35. Rh1 Kc7 36. Rd2 Kb7 37. Rdh2 Rh7 38. Qd3 Rcc7 39. Kc1 Rcg7 40. Qd5+ Qxd5
41. exd5 Rg6 42. Kd2 Kc7 43. Ke3 Kd7 44. Ke4 Ke7 45. Kf5 Kf7 46. Re2 Rgg7 47.
Reh2 Rg6 48. Rh3 Rgg7 49. hxg5 Rxg5+ 50. Ke4 Kg7 51. Rh4 Kg6 52. Rh5 Rxh5 53.
Rxh5 Re7 54. Rf5 Re8 55. Ke3 Kg7 56. Ke2 1/2-1/2

[Event "Russian Championship B11 1st league 2016"]
[Site "Loo"]
[Date "2016.04.24"]
[Round "5.13"]
[White "Badazhkov, Egor"]
[Black "Belov, Danila"]
[Result "0-1"]
[WhiteElo "1268"]
[BlackElo "1557"]
[PlyCount "130"]
[EventDate "2016.04.20"]

1. e4 c5 2. Nf3 e6 3. d4 cxd4 4. Nxd4 Qb6 5. Nb3 Qc7 6. Be3 d6 7. Nc3 a6 8. Be2
Nf6 9. O-O Be7 10. f3 O-O 11. f4 b5 12. Bf3 Bb7 13. a3 Rd8 14. g4 d5 15. e5
Nfd7 16. Qe2 Nc5 17. Qf2 Nbd7 18. Nd4 Nb6 19. Nb3 Nbd7 20. Nd4 Nb6 21. h4 Nc4
22. Bc1 Ne4 23. Bxe4 dxe4 24. Nce2 Bc5 25. c3 Qd7 26. b4 Bb6 27. g5 Qd5 28. Be3
Nxe3 29. Qxe3 Rac8 30. h5 Qc4 31. Rac1 Qd3 32. Qf2 Qh3 33. Qh2 Qg4+ 34. Qg2
Qxh5 35. Rfd1 Qf3 36. Qh2 Qg4+ 37. Kf1 e3 38. Rd3 Bxd4 39. Nxd4 Rc4 40. Ke1 Be4
41. Rdd1 Qg2 42. Qxg2 Bxg2 43. Nxb5 Rxd1+ 44. Rxd1 Bd5 45. Nd4 Rxc3 46. Ra1 Rc4
47. Rd1 Rc3 48. Ra1 Rd3 49. Nc2 Bb3 50. Rc1 Rc3 51. Kd1 h5 52. gxh6 gxh6 53.
Ke2 Rxc2+ 54. Rxc2 Bxc2 55. Kxe3 h5 56. Kf3 Kg7 57. Kg3 Bd1 58. Kh4 Kg6 59. Kh3
Kf5 60. Kg3 h4+ 61. Kxh4 Kxf4 62. a4 Bxa4 63. Kh5 Kxe5 64. Kg4 Bd1+ 65. Kg3 f5
0-1

[Event "Russian Championship B11 1st league 2016"]
[Site "Loo"]
[Date "2016.04.24"]
[Round "5.14"]
[White "Shirkunov, Alexander"]
[Black "Godzhurov, Lidzhi"]
[Result "1-0"]
[WhiteElo "1556"]
[BlackElo "1368"]
[PlyCount "109"]
[EventDate "2016.04.20"]

1. Nf3 Nf6 2. g3 g6 3. Bg2 Bg7 4. O-O O-O 5. c4 c6 6. d4 d5 7. Nc3 Nbd7 8. Bf4
Re8 9. cxd5 cxd5 10. Nb5 Rf8 11. Rc1 Nh5 12. Nc7 Nxf4 13. gxf4 Rb8 14. Nxd5 e6
15. Nc3 Qf6 16. e3 Nb6 17. Ne4 Qe7 18. Nc5 Nd5 19. Nd2 b6 20. Nd3 Bb7 21. e4
Nc7 22. Ne5 Rfd8 23. Nb3 g5 24. Qh5 gxf4 25. Nxf7 Ne8 26. Nxd8 Nf6 27. Qh4 Rxd8
28. Qxf4 Nh5 29. Qc7 Rd7 30. Qb8+ Rd8 31. Rc7 Qg5 32. Qxb7 Bf8 33. Rxh7 Qg6 34.
Rxh5 Qxh5 35. Qxa7 Kh8 36. Qxb6 Re8 37. a4 Bh6 38. Qd6 Qh4 39. Qg3 Qe7 40. a5
Rg8 41. Qh3 Kh7 42. Nc5 Rg6 43. b4 Qd6 44. Rd1 Qb8 45. Nxe6 Qxb4 46. Ra1 Qb2
47. Rf1 Qb8 48. a6 Qg8 49. a7 Qa8 50. Nf8+ Qxf8 51. Ra1 Qa8 52. Kh1 Kg7 53. e5
Rxg2 54. Qxg2+ Qxg2+ 55. Kxg2 1-0

[Event "Russian Championship B11 1st league 2016"]
[Site "Loo"]
[Date "2016.04.24"]
[Round "5.15"]
[White "Volkov, Vladislav"]
[Black "Zhelanov, Semen"]
[Result "1-0"]
[WhiteElo "1545"]
[BlackElo "1275"]
[PlyCount "67"]
[EventDate "2016.04.20"]

1. d4 Nf6 2. c4 e6 3. Nc3 Bb4 4. a3 Bxc3+ 5. bxc3 Nc6 6. Nf3 b6 7. Bg5 Ba6 8.
e4 Qc8 9. e5 Ne4 10. Be3 f5 11. Bd3 Na5 12. Nd2 Nxd2 13. Bxd2 Nxc4 14. Qe2 b5
15. Bxc4 bxc4 16. Qh5+ g6 17. Qh6 Qb7 18. f3 O-O-O 19. Qe3 Rdf8 20. Ke2 f4 21.
Qf2 g5 22. h3 Qd5 23. Rhb1 c6 24. a4 Kc7 25. Bc1 Rb8 26. Ba3 Rb3 27. Bd6+ Kd8
28. Kd2 Ke8 29. g3 Rg8 30. gxf4 gxf4 31. Qh4 Rg2+ 32. Ke1 Kf7 33. Qf6+ Kg8 34.
Qf8# 1-0

[Event "Russian Championship B11 1st league 2016"]
[Site "Loo"]
[Date "2016.04.24"]
[Round "5.22"]
[White "Ionochkin, Maksim"]
[Black "Demekhin, Maxim"]
[Result "1-0"]
[WhiteElo "1761"]
[BlackElo "1334"]
[PlyCount "103"]
[EventDate "2016.04.20"]

1. d4 d5 2. c4 e6 3. cxd5 exd5 4. Nc3 c6 5. Qc2 Ne7 6. Bf4 Bf5 7. Qd2 Qb6 8. e3
Ng6 9. Nge2 Be7 10. h3 Nd7 11. Bh2 O-O 12. Ng3 Be6 13. Bd3 Bd6 14. O-O Nf6 15.
Rfc1 Qc7 16. Nb5 Qd7 17. Nxd6 Qxd6 18. Nf5 Qd7 19. Nd6 Nh4 20. Bg3 Ng6 21. b4
Nh5 22. Bh2 Nh4 23. Qe2 Nf6 24. Bg3 Ng6 25. b5 Rab8 26. Nxb7 Qxb7 27. bxc6 Qa8
28. Bxb8 Qxb8 29. c7 Qb6 30. Rab1 Qd6 31. Qc2 Ne7 32. Qa4 g5 33. Qxa7 g4 34. h4
g3 35. f3 Kh8 36. Rb8 Nc8 37. Qc5 Qxc5 38. Rxc5 Nd7 39. Rc6 Rg8 40. a4 Nf6 41.
a5 Ne8 42. Rxe6 fxe6 43. Rxc8 Nd6 44. Rxg8+ Kxg8 45. Ba6 Kf8 46. c8=Q+ Nxc8 47.
Bxc8 Ke7 48. a6 e5 49. a7 exd4 50. exd4 Kf6 51. a8=Q Kg6 52. Qc6+ 1-0

[Event "Russian Championship B11 1st league 2016"]
[Site "Loo"]
[Date "2016.04.24"]
[Round "5.23"]
[White "Shelepnev, Artem"]
[Black "Anikeev, Mark"]
[Result "1/2-1/2"]
[WhiteElo "1317"]
[BlackElo "1707"]
[PlyCount "62"]
[EventDate "2016.04.20"]

1. e4 c5 2. Nf3 d6 3. d4 cxd4 4. Nxd4 Nf6 5. Nc3 Nc6 6. Be3 g6 7. f3 Bg7 8. Qd2
O-O 9. g4 Ne5 10. g5 Nh5 11. f4 Nc6 12. O-O-O Bd7 13. Qf2 f6 14. Bc4+ Kh8 15.
h4 a6 16. f5 Nxd4 17. Bxd4 b5 18. Bd5 Rb8 19. Ba7 b4 20. Ne2 Rb5 21. Bc4 Re5
22. Bd4 Rxe4 23. Bd5 Bxf5 24. Bxe4 Bxe4 25. Rhf1 Qc7 26. Rd2 e5 27. Bb6 Qc6 28.
Be3 Qc7 29. Bb6 Qc6 30. Be3 Qc7 31. Bb6 Qc6 1/2-1/2

[Event "Russian Championship B11 1st league 2016"]
[Site "Loo"]
[Date "2016.04.24"]
[Round "5.24"]
[White "Sokolov, Egor"]
[Black "Kichin, Alexander"]
[Result "0-1"]
[WhiteElo "1317"]
[BlackElo "1605"]
[PlyCount "72"]
[EventDate "2016.04.20"]

1. e4 c5 2. Nc3 Nc6 3. g3 g6 4. Bg2 Bg7 5. d3 d6 6. Nge2 e6 7. O-O Nge7 8. Bg5
O-O 9. Qd2 Rb8 10. a4 Nd4 11. Nxd4 cxd4 12. Ne2 e5 13. f4 f6 14. Bh4 h6 15. Kh1
Nc6 16. g4 Bxg4 17. Bf3 Bxf3+ 18. Rxf3 exf4 19. Nxf4 Qe8 20. Nxg6 Qxg6 21. Rg1
Qh7 22. Bxf6 Rf7 23. Qg2 Kh8 24. Qf2 Rg8 25. Bxg7+ Rfxg7 26. Rxg7 Qxg7 27. Rf7
Qg5 28. Qf6+ Qxf6 29. Rxf6 Rd8 30. Rxh6+ Kg7 31. Rh5 a6 32. Rd5 Kf6 33. h4 Ke6
34. h5 Rh8 35. Kh2 Ne5 36. Rxd4 Nf3+ 0-1

[Event "Russian Championship B11 1st league 2016"]
[Site "Loo"]
[Date "2016.04.24"]
[Round "5.25"]
[White "Baratov, Victor"]
[Black "Maslov, Dmitrij"]
[Result "0-1"]
[WhiteElo "1557"]
[BlackElo "1358"]
[PlyCount "112"]
[EventDate "2016.04.20"]

1. e4 e5 2. Nc3 Nc6 3. g3 Nf6 4. Bg2 Be7 5. Nge2 O-O 6. O-O d6 7. h3 Be6 8. d3
d5 9. Kh2 d4 10. Nb1 Qd7 11. f4 exf4 12. Nxf4 Rad8 13. Nd2 Bd6 14. Nxe6 Qxe6
15. Nf3 Nh5 16. e5 Bxe5 17. Nxe5 Qxe5 18. Qg4 Nf6 19. Qh4 Qh5 20. Qf4 Rd7 21.
Bf3 Qc5 22. Rf2 Rb8 23. Bg4 Re7 24. Bd2 Qe5 25. Qf3 Nxg4+ 26. Qxg4 Qe6 27. Qf3
Qg6 28. a3 Re6 29. Raf1 Rf6 30. Qe2 Rxf2+ 31. Rxf2 Qe6 32. Qf3 f6 33. Re2 Qf7
34. Bf4 Rd8 35. Qf2 Kf8 36. Qe1 Rd7 37. b4 Ne7 38. b5 Ng6 39. Bd2 Ne5 40. Bf4
Nf3+ 41. Kg2 Nxe1+ 42. Rxe1 Qd5+ 43. Kg1 Qxb5 44. Bd2 Rd5 45. Bf4 Qa5 46. Re2
g5 47. Bd2 Qxa3 48. Re1 Re5 49. Rb1 Qa6 50. Rf1 Kg7 51. c3 Qxd3 52. cxd4 Qxd4+
53. Rf2 Re2 54. Be3 Qxe3 55. Kh1 Qxf2 56. g4 Qg2# 0-1

[Event "Russian Championship B11 1st league 2016"]
[Site "Loo"]
[Date "2016.04.24"]
[Round "5.26"]
[White "Zhavoronkov, Danil P"]
[Black "Prutskov, Aleksei"]
[Result "0-1"]
[WhiteElo "1302"]
[BlackElo "1540"]
[PlyCount "60"]
[EventDate "2016.04.20"]

1. e4 c5 2. Nf3 d6 3. d4 cxd4 4. Qxd4 Nc6 5. Bb5 Bd7 6. Bxc6 Bxc6 7. Nc3 Nf6 8.
Bg5 e6 9. O-O-O h6 10. Be3 Be7 11. Qd3 O-O 12. Nd4 Ng4 13. f3 Nxe3 14. Qxe3 e5
15. Nf5 Bg5 16. f4 Bxf4 17. Qxf4 exf4 18. Rxd6 Qg5 19. Kb1 Qxg2 20. Rdd1 Bxe4
21. Nxe4 Qxe4 22. Nd6 Qe5 23. Nc4 Qc5 24. Nd6 Rfd8 25. Ne4 Rxd1+ 26. Rxd1 Qe5
27. Nc3 f3 28. Rf1 f2 29. a3 Qe1+ 30. Rxe1 fxe1=Q+ 0-1

[Event "Russian Championship B11 1st league 2016"]
[Site "Loo"]
[Date "2016.04.24"]
[Round "5.27"]
[White "Vershinin, Saveliy"]
[Black "Broderzon, Alexander"]
[Result "0-1"]
[WhiteElo "1239"]
[BlackElo "1497"]
[PlyCount "118"]
[EventDate "2016.04.20"]

1. e4 e6 2. d4 d5 3. e5 c5 4. c3 Qb6 5. Nf3 Nc6 6. g3 Nge7 7. Bg2 Nf5 8. g4
Nfe7 9. O-O Ng6 10. b3 Be7 11. Ba3 cxd4 12. Bxe7 Ngxe7 13. cxd4 Qd8 14. Nc3 a6
15. Na4 Ng6 16. Nc5 f6 17. exf6 Qxf6 18. Re1 O-O 19. Re3 Nh4 20. Rd3 Qf4 21. h3
e5 22. Nxh4 Qxf2+ 23. Kh1 e4 24. Rc3 Qxh4 25. Kh2 Qf6 26. Rac1 Nxd4 27. b4 Qf2
28. Nb3 Ne2 29. Qxd5+ Kh8 30. Qxe4 Nxc3 31. Rxc3 Qf4+ 32. Qxf4 Rxf4 33. a3 Rf7
34. Bd5 Re7 35. Nc5 Rb8 36. Rf3 Re8 37. Rf7 b6 38. Bc6 Be6 39. Bxe8 Bxf7 40.
Bxf7 bxc5 41. bxc5 Rc8 42. Bc4 a5 43. Ba6 Rxc5 44. a4 Kg8 45. Kg3 Kf8 46. Kf4
Ke7 47. h4 h6 48. Bb5 g5+ 49. hxg5 hxg5+ 50. Kf3 Kd6 51. Ke4 Re5+ 52. Kd4 Ke6
53. Bd7+ Kd6 54. Bb5 Re1 55. Kc3 Re4 56. Kd3 Rxg4 57. Ke3 Rb4 58. Kd3 Rxb5 59.
axb5 Kc5 0-1

[Event "Russian Championship B11 1st league 2016"]
[Site "Loo"]
[Date "2016.04.24"]
[Round "5.28"]
[White "Kucherov, Matvey"]
[Black "Shinkarev, Artem"]
[Result "1-0"]
[WhiteElo "1496"]
[BlackElo "1329"]
[PlyCount "77"]
[EventDate "2016.04.20"]

1. e4 c6 2. d4 d5 3. exd5 cxd5 4. Bd3 Nf6 5. Bf4 Nc6 6. c3 e6 7. Nf3 Bd6 8. Bg3
O-O 9. O-O a6 10. Re1 b6 11. Nbd2 Bb7 12. Ne5 Qc7 13. Ndf3 Nd7 14. Bc2 Bxe5 15.
Nxe5 Ndxe5 16. Bxe5 Nxe5 17. Rxe5 Qe7 18. Qd3 g6 19. Rae1 Qf6 20. R1e3 Qg7 21.
Rh3 Rae8 22. Reh5 e5 23. Rxh7 Qxh7 24. Rxh7 Kxh7 25. dxe5 Rxe5 26. h3 Rfe8 27.
Qf3 R8e7 28. Qg4 Kg7 29. Qd4 Kh7 30. Qxb6 Re2 31. Bd3 R2e6 32. Qd4 Re1+ 33. Kh2
R1e6 34. a4 Bc6 35. f3 Bb7 36. b4 Rc7 37. Qh4+ Kg8 38. Qd8+ Kg7 39. Qxc7 1-0

[Event "Russian Championship B11 1st league 2016"]
[Site "Loo"]
[Date "2016.04.24"]
[Round "5.30"]
[White "Nasyrov, Anton"]
[Black "Dunaev, Artem"]
[Result "1-0"]
[WhiteElo "1463"]
[BlackElo "1299"]
[PlyCount "75"]
[EventDate "2016.04.20"]

1. e4 c5 2. Nf3 d6 3. d4 cxd4 4. Nxd4 Nf6 5. Nc3 a6 6. Be2 e6 7. f4 Nbd7 8. Bf3
g6 9. O-O Bg7 10. a4 Qb6 11. Kh1 O-O 12. g4 Ne8 13. Nde2 Nc5 14. Bg2 Qc7 15. g5
Bd7 16. Rf3 f6 17. b4 Nxe4 18. Nxe4 Bc6 19. gxf6 Nxf6 20. Nxf6+ Bxf6 21. Raa3
Bxf3 22. Bxf3 e5 23. Qd5+ Kg7 24. Qxb7 Qxb7 25. Bxb7 Ra7 26. Be4 exf4 27. Bxf4
Rd7 28. Rd3 Rfd8 29. Bc6 Re7 30. Bf3 Be5 31. Bg5 Bf6 32. Bf4 d5 33. Nd4 Ree8
34. Nc6 Rc8 35. Rxd5 Kf8 36. Bh6+ Kf7 37. Rd7+ Ke6 38. Bg4# 1-0

[Event "Russian Championship B11 1st league 2016"]
[Site "Loo"]
[Date "2016.04.24"]
[Round "5.31"]
[White "Etuka, Alexander"]
[Black "Shelukhin, Ilya"]
[Result "1-0"]
[WhiteElo "1459"]
[BlackElo "1241"]
[PlyCount "107"]
[EventDate "2016.04.20"]

1. e4 c5 2. Nc3 Nc6 3. f4 g6 4. Nf3 Bg7 5. g3 d6 6. Bg2 e6 7. d3 Nge7 8. O-O
O-O 9. Ne2 f5 10. Rb1 fxe4 11. dxe4 b6 12. b3 e5 13. Bb2 Ba6 14. fxe5 Nxe5 15.
Nxe5 Rxf1+ 16. Bxf1 Bxe5 17. Bxe5 dxe5 18. c4 Bb7 19. Bg2 Nc6 20. Qd5+ Qxd5 21.
exd5 Nd4 22. Nc3 Bc8 23. Re1 Bf5 24. Rxe5 Kf7 25. Re1 Re8 26. Rxe8 Kxe8 27. Kf2
a6 28. Be4 Bd7 29. Ke3 Ke7 30. Kf4 Kf6 31. h4 h6 32. Bd3 g5+ 33. hxg5+ hxg5+
34. Ke3 Ke5 35. Ne4 g4 36. Nc3 b5 37. Ne2 bxc4 38. bxc4 Nf3 39. Nc3 Nd4 40. Ne2
Nf3 41. Nf4 Bf5 42. Bxf5 Kxf5 43. Ne6 Ne5 44. Nxc5 Nxc4+ 45. Kd4 Nd6 46. a4 a5
47. Nb3 Ne4 48. Ke3 Nxg3 49. Kf2 Ne4+ 50. Kg2 Ke5 51. Nxa5 Kxd5 52. Nb7 Nc5 53.
a5 Nxb7 54. a6 1-0

[Event "Russian Championship B11 1st league 2016"]
[Site "Loo"]
[Date "2016.04.24"]
[Round "5.32"]
[White "Shiliaev, Mark"]
[Black "Tetyuev, Stepan"]
[Result "0-1"]
[WhiteElo "1443"]
[BlackElo "1238"]
[PlyCount "78"]
[EventDate "2016.04.20"]

1. e4 c5 2. Nf3 d6 3. c3 Nf6 4. Bd3 Nc6 5. Bc2 e6 6. d4 cxd4 7. cxd4 Be7 8. O-O
O-O 9. Re1 Nb4 10. Bb3 Bd7 11. a3 Na6 12. Nbd2 Qc7 13. Nf1 e5 14. dxe5 dxe5 15.
Nxe5 Qxe5 16. f4 Qa5 17. e5 Ng4 18. h3 Bc5+ 19. Be3 Nxe3 20. Nxe3 Qb6 21. Qd3
Bf5 22. Qc3 Rac8 23. Re2 Bb4 24. Bxf7+ Rxf7 25. Qb3 Bc5 26. Qxb6 Bxb6 27. Kh2
Bxe3 28. Rxe3 Rc2 29. Ra2 Be6 30. Ra1 Rxb2 31. Rf1 Bd5 32. Rg1 Rxf4 33. e6 Rff2
34. Kh1 Rxg2 35. Rxg2 Rxg2 36. Re5 Bc6 37. e7 Re2+ 38. Kg1 Rxe5 39. e8=Q+ Rxe8
0-1

[Event "Russian Championship B11 1st league 2016"]
[Site "Loo"]
[Date "2016.04.24"]
[Round "5.33"]
[White "Zenkov, Maksim"]
[Black "Gusev, Nikita"]
[Result "1/2-1/2"]
[WhiteElo "1419"]
[BlackElo "1229"]
[PlyCount "80"]
[EventDate "2016.04.20"]

1. e4 c5 2. Nc3 Nc6 3. g3 g6 4. Bg2 Bg7 5. d3 e6 6. Nge2 Nge7 7. O-O O-O 8. Be3
d6 9. Qd2 Re8 10. Nd1 b6 11. c3 Bb7 12. d4 cxd4 13. cxd4 d5 14. e5 Ba6 15. Ndc3
Rc8 16. Rac1 Qd7 17. Rc2 Red8 18. Rfc1 Nb4 19. b3 Nxc2 20. Rxc2 Rc7 21. Nc1
Rdc8 22. h3 Rc6 23. a3 Qc7 24. N1a2 Qb8 25. Nb4 Rxc3 26. Rxc3 Rxc3 27. Qxc3 Qc8
28. Qxc8+ Bxc8 29. g4 a5 30. Nc2 Ba6 31. Bf1 Bxf1 32. Kxf1 f5 33. g5 Nc6 34. f4
b5 35. Ke2 Kf7 36. h4 Ke8 37. Kd3 Kd7 38. Kd2 Kd8 39. Kc1 Kc7 40. Kd2 Kd7
1/2-1/2

[Event "Russian Championship B11 1st league 2016"]
[Site "Loo"]
[Date "2016.04.24"]
[Round "5.36"]
[White "Saik, Maxim"]
[Black "Lazarev, Ivan"]
[Result "1/2-1/2"]
[WhiteElo "1384"]
[BlackElo "1162"]
[PlyCount "142"]
[EventDate "2016.04.20"]

1. e4 c6 2. Nc3 d5 3. Nf3 dxe4 4. Nxe4 Bf5 5. Ng3 Bg4 6. h3 Bxf3 7. Qxf3 Nf6 8.
Bc4 e6 9. O-O Be7 10. c3 Nbd7 11. d4 O-O 12. Re1 Nb6 13. Bd3 Nbd5 14. Ne4 Qb6
15. b3 Nxe4 16. Bxe4 Qc7 17. c4 Nf6 18. Bc2 Rfd8 19. Bb2 Qa5 20. a4 Qh5 21.
Qxh5 Nxh5 22. Rad1 Rd7 23. Be4 Rad8 24. Bf3 Nf6 25. Rd2 Bb4 26. Red1 Bxd2 27.
Rxd2 Rc8 28. Re2 h6 29. Re1 b6 30. Re2 c5 31. d5 exd5 32. Bxf6 gxf6 33. Bxd5
Kf8 34. f3 Re7 35. Rxe7 Kxe7 36. Kf2 f5 37. Ke3 Kf6 38. f4 Re8+ 39. Kf2 h5 40.
Bf3 h4 41. Bd5 Rg8 42. Bf3 Rb8 43. Bc6 Ke7 44. Bb5 Rd8 45. Ke2 Rd4 46. Ke3 Rd1
47. Ke2 Rb1 48. Kf2 Rxb3 49. Ke2 f6 50. Kf2 Rd3 51. Ke2 Rd4 52. Ke3 Rd8 53. Kf3
Kd6 54. Ke3 Ra8 55. Ba6 Kc7 56. Kf3 Rd8 57. Ke2 Rd4 58. Ke3 Rd1 59. Ke2 Ra1 60.
Bb5 Ra2+ 61. Kf3 Ra3+ 62. Ke2 Kb7 63. Be8 Rb3 64. Bd7 Rb4 65. Kd3 Rb2 66. Bxf5
Rxg2 67. Be4+ Kc7 68. Bxg2 Kd6 69. Be4 Ke6 70. Bf5+ Kxf5 71. Ke3 a6 1/2-1/2

[Event "Russian Championship B11 1st league 2016"]
[Site "Loo"]
[Date "2016.04.24"]
[Round "5.39"]
[White "Asatryan, Leon"]
[Black "Maxin, Vladimir"]
[Result "0-1"]
[WhiteElo "1650"]
[BlackElo "1203"]
[PlyCount "78"]
[EventDate "2016.04.20"]

1. d4 c5 2. d5 Nf6 3. c4 b5 4. b3 g6 5. g3 Bb7 6. Bg2 Bg7 7. Bb2 O-O 8. Nf3
bxc4 9. bxc4 Na6 10. O-O Re8 11. Nc3 e6 12. e4 Nxe4 13. Nxe4 Bxb2 14. Rb1 exd5
15. Nd6 Qb6 16. Nxe8 dxc4 17. Nd6 c3 18. Nc4 Qf6 19. Nxb2 cxb2 20. Qc2 Bxf3 21.
Bxf3 Qxf3 22. Qxb2 Rd8 23. Qb5 Qf6 24. Qb7 Qc6 25. Rfd1 Qxb7 26. Rxb7 d5 27.
Rxa7 Nb4 28. Ra5 c4 29. a3 Nd3 30. Kf1 d4 31. Ke2 Nb2 32. Rd2 d3+ 33. Ke1 c3
34. Rxb2 c2 35. Rxc2 dxc2 36. Rc5 Rd1+ 37. Ke2 c1=Q 38. Rxc1 Rxc1 39. a4 Ra1
0-1

[Event "Russian Championship B11 1st league 2016"]
[Site "Loo"]
[Date "2016.04.24"]
[Round "5.40"]
[White "Anikin, Aleksandr"]
[Black "Volovich, Evgeny"]
[Result "1/2-1/2"]
[WhiteElo "1193"]
[BlackElo "1551"]
[PlyCount "135"]
[EventDate "2016.04.20"]

1. e4 e6 2. d4 d5 3. Nc3 Bb4 4. a3 Bxc3+ 5. bxc3 dxe4 6. Bc4 Nf6 7. f3 exf3 8.
Nxf3 O-O 9. O-O b6 10. Bg5 Nbd7 11. d5 exd5 12. Bxd5 Rb8 13. Be4 Qe7 14. Re1
Qc5+ 15. Qd4 Nxe4 16. Rxe4 Qxd4+ 17. cxd4 f6 18. Bf4 Rb7 19. Rae1 Nb8 20. c4 c6
21. Bd6 Rd8 22. Re8+ Rxe8 23. Rxe8+ Kf7 24. Rxc8 Na6 25. d5 cxd5 26. cxd5 Rd7
27. Rf8+ Kg6 28. Nh4+ Kh5 29. Bg3 Rxd5 30. Rh8 h6 31. Ra8 Rd7 32. h3 Nc5 33.
Nf3 a6 34. Bf2 Rd1+ 35. Kh2 Ra1 36. Bxc5 bxc5 37. Rxa6 c4 38. Nd4 c3 39. a4 Ra2
40. a5 c2 41. Nxc2 Rxc2 42. Ra8 Ra2 43. a6 g6 44. a7 f5 45. h4 Kxh4 46. Rh8
Rxa7 47. Rxh6+ Kg5 48. Rh3 f4 49. Rf3 Kg4 50. Kg1 g5 51. Kh2 Ra2 52. Rh3 Re2
53. Rd3 Re3 54. Rd1 Re7 55. Rd3 Rb7 56. Kg1 Rf7 57. Kf2 Rf5 58. Rc3 Rb5 59. Kg1
Rb2 60. Rd3 Re2 61. Kf1 Re3 62. Rd2 Kg3 63. Rc2 g4 64. Rf2 Ra3 65. Kg1 Rb3 66.
Rf1 Rb2 67. Kh1 Rxg2 68. Rf3+ 1/2-1/2

[Event "Russian Championship B11 1st league 2016"]
[Site "Loo"]
[Date "2016.04.24"]
[Round "5.41"]
[White "Malyshev, Efim"]
[Black "Labutin, Matvey"]
[Result "1/2-1/2"]
[WhiteElo "1135"]
[BlackElo "1533"]
[PlyCount "84"]
[EventDate "2016.04.20"]

1. e4 d6 2. d4 Nf6 3. Nc3 g6 4. Nf3 Bg7 5. Bc4 O-O 6. Be3 c6 7. Qd2 Nbd7 8. O-O
b5 9. Bb3 b4 10. Ne2 Nxe4 11. Qc1 a5 12. a3 bxa3 13. Rxa3 c5 14. Ng5 Nxg5 15.
Bxg5 cxd4 16. Qd2 d3 17. cxd3 Nf6 18. Nd4 Qb6 19. Nf3 Bb7 20. Qe3 Qxe3 21. fxe3
e6 22. Nd2 Nd5 23. Ra2 Nb4 24. Raa1 Bxb2 25. Rab1 Bg7 26. d4 Rfe8 27. Ba4 Bc6
28. Bxc6 Nxc6 29. Nc4 d5 30. Nd6 Rf8 31. Rbc1 Ra6 32. Rc2 h6 33. Bh4 g5 34. Bg3
e5 35. dxe5 Bxe5 36. Nf5 Bxg3 37. hxg3 Kh7 38. Kf2 Kg6 39. Rxc6+ Rxc6 40. Ne7+
Kf6 41. Nxc6 Ra8 42. Ke2+ Ke6 1/2-1/2

[Event "Russian Championship B11 1st league 2016"]
[Site "Loo"]
[Date "2016.04.24"]
[Round "5.42"]
[White "Shumilin, Roman"]
[Black "Zhosan, Iannis"]
[Result "0-1"]
[WhiteElo "1527"]
[BlackElo "1105"]
[PlyCount "56"]
[EventDate "2016.04.20"]

1. e4 c5 2. Nf3 d6 3. d4 cxd4 4. Nxd4 Nf6 5. Nc3 g6 6. Be3 Bg7 7. Qd2 Nc6 8.
O-O-O Ng4 9. Nxc6 bxc6 10. Kb1 Nxe3 11. Qxe3 O-O 12. f3 Rb8 13. Qxa7 Rb7 14.
Qe3 Qa5 15. Rd3 Be6 16. b3 Bc4 17. Rd4 Bxd4 18. Qxd4 Bxf1 19. Rxf1 Rb4 20. Qe3
Rfb8 21. g4 Rc4 22. Nd1 Qa6 23. Qd3 Ra4 24. Qxa6 Rxa6 25. h4 Ra5 26. Ne3 h5 27.
Nc4 Rc5 28. g5 Rxc4 0-1

[Event "Russian Championship B11 1st league 2016"]
[Site "Loo"]
[Date "2016.04.24"]
[Round "5.44"]
[White "Kurnosov, Egor"]
[Black "Leukhin, Artem"]
[Result "0-1"]
[WhiteElo "1069"]
[BlackElo "1503"]
[PlyCount "94"]
[EventDate "2016.04.20"]

1. e4 e6 2. d4 d5 3. e5 c5 4. c3 Qb6 5. Nf3 Nc6 6. Qb3 cxd4 7. Qxb6 axb6 8.
cxd4 Nb4 9. Kd1 Rxa2 10. Rxa2 Nxa2 11. Bd2 Nb4 12. Nc3 Bd7 13. Nb5 Bxb5 14.
Bxb5+ Nc6 15. Ke2 h6 16. Ra1 Nge7 17. Ra7 Kd8 18. Ra1 Nc8 19. Bxc6 bxc6 20. g4
Be7 21. h4 Rf8 22. g5 hxg5 23. Nxg5 Kd7 24. f4 f6 25. Nf3 c5 26. Be3 Kc6 27.
Rc1 c4 28. b3 b5 29. bxc4 dxc4 30. Ra1 b4 31. Ra6+ Kd7 32. Ra4 c3 33. Kd1 Kc6
34. exf6 Rxf6 35. Ne5+ Kb5 36. Ra8 Nd6 37. Rb8+ Ka4 38. Ra8+ Kb3 39. Ra1 Nc4
40. Nxc4 Kxc4 41. Ra4 Kd3 42. Ra2 Kxe3 43. Re2+ Kxd4 44. Rf2 b3 45. Kc1 Ba3+
46. Kd1 b2 47. Ke2 b1=Q 0-1

[Event "Russian Championship B11 2016"]
[Site "Loo"]
[Date "2016.04.24"]
[Round "5.1"]
[White "Ponomarev, Grigori"]
[Black "Makoveev, Ilya"]
[Result "1/2-1/2"]
[WhiteElo "1940"]
[BlackElo "2137"]
[PlyCount "62"]
[EventDate "2016.04.20"]

1. e4 e5 2. Bc4 Nc6 3. Nc3 Bc5 4. d3 d6 5. h3 Nf6 6. Nf3 h6 7. Be3 Bxe3 8. fxe3
O-O 9. O-O Na5 10. Bb3 Nxb3 11. axb3 Re8 12. Qe1 c6 13. Nh4 Be6 14. Nf5 d5 15.
Qh4 Bxf5 16. Rxf5 dxe4 17. Nxe4 Nxe4 18. Qxe4 f6 19. Raf1 Qe7 20. R1f3 Rad8 21.
Rg3 Kh8 22. Rg6 Qf7 23. Rh5 Rd6 24. Qf5 Red8 25. Rh4 Qf8 26. Rhg4 R6d7 27. Qh5
Rf7 28. Qf5 Rfd7 29. Qh5 Rf7 30. Qf5 Rfd7 31. Qh5 Rf7 1/2-1/2

[Event "Russian Championship B11 2016"]
[Site "Loo"]
[Date "2016.04.24"]
[Round "5.2"]
[White "Maneluk, Daniil"]
[Black "Lystsov, Leonid"]
[Result "1-0"]
[WhiteElo "1801"]
[BlackElo "1569"]
[PlyCount "89"]
[EventDate "2016.04.20"]

1. e4 g6 2. d4 Bg7 3. f4 d6 4. Nf3 Bg4 5. Be3 c5 6. c3 cxd4 7. Bxd4 Bxd4 8.
Qxd4 Nf6 9. Bb5+ Bd7 10. Bd3 Nc6 11. Qe3 O-O 12. Nbd2 Qb6 13. Qxb6 axb6 14. Ke2
Bg4 15. h3 Bxf3+ 16. Kxf3 d5 17. e5 Nd7 18. Nb3 e6 19. g4 f6 20. exf6 Rxf6 21.
Kg3 e5 22. fxe5 Ndxe5 23. Be2 Re8 24. Rhf1 Rxf1 25. Rxf1 Kg7 26. Rd1 Nc4 27.
Bf3 Ne3 28. Rd3 Re5 29. Kf2 Nc4 30. Rxd5 Rxd5 31. Bxd5 Nxb2 32. Nd4 Nd3+ 33.
Ke3 Nde5 34. Ke4 Kf6 35. Bxc6 Nxc6 36. Kd5 Ne5 37. g5+ Kxg5 38. Kxe5 Kh4 39.
Ne6 Kxh3 40. Ng5+ Kh4 41. Nxh7 g5 42. Nxg5 Kxg5 43. Kd6 Kf4 44. Kc7 Ke4 45.
Kxb7 1-0

[Event "Russian Championship B11 2016"]
[Site "Loo"]
[Date "2016.04.24"]
[Round "5.3"]
[White "Murzin, Volodar"]
[Black "Vasilyev, Alexey"]
[Result "1-0"]
[WhiteElo "2170"]
[BlackElo "1828"]
[PlyCount "73"]
[EventDate "2016.04.20"]

1. g3 c5 2. Bg2 Nf6 3. c4 g6 4. Nc3 Bg7 5. e3 d6 6. d3 O-O 7. Nge2 Nc6 8. O-O
Bd7 9. a3 Rb8 10. b4 b6 11. b5 Na5 12. Qc2 Qc7 13. Bb2 Bc8 14. Rae1 Bb7 15. e4
e6 16. Nd1 Nh5 17. Bxg7 Nxg7 18. Ne3 f5 19. exf5 Bxg2 20. Kxg2 Nxf5 21. Nxf5
exf5 22. Nf4 Rfe8 23. Nd5 Qg7 24. Qd1 Qd4 25. Re2 Kf7 26. Nc7 Rxe2 27. Qxe2 Qe5
28. Qd1 Rc8 29. Re1 Qh8 30. Ne6 Qf6 31. h4 h6 32. Nf4 Rd8 33. Nd5 Qd4 34. Re7+
Kf8 35. Qe2 f4 36. Qe6 f3+ 37. Kh3 1-0